Numery dzielnic Krakowa - klikanie - Statystyki

Ogólne statystyki
  • Ten quiz został rozwiązany 19 razy
  • Średni wynik to 9 z 18
Statystyki odpowiedzi
Hint Odpowiedź % Poprawnych
Stare Miasto I
90%
Nowa Huta XVIII
70%
Grzegórzki II
60%
Prądnik Biały IV
60%
Krowodrza V
60%
Mistrzejowice XV
60%
Prądnik Czerwony III
50%
Łagiewniki-Boręk Fałęcki IX
50%
Swoszowice X
50%
Czyżyny XIV
50%
Bieńczyce XVI
50%
Bronowice VI
40%
Zwierzyniec VII
40%
Dębniki VIII
40%
Podgórze XIII
40%
Wzgórza Krzesławickie XVII
40%
Podgórze Duchackie XI
30%
Bieżanów-Prokocim XII
30%
Nie znaleziono quizów pasujących do podanych kryteriów
Rozkład punktacji
Procent ludzi z każdym wynikiem
Percentyl według liczby udzielonych odpowiedzi
Twoja historia wyników
Nie rozwiązałeś tego quizu